Tvorba inovácií a akosti v priemysle /

Hlavní autor: Jarušek, František, 1923-
Korporativní autor: Vysoká škola ekonomická v Bratislave. Fakulta ekonomiky a riadenia výrobných odvetví
Další autoři: Füzyová, Ľuba, 1945-, Macko, Ján
Jazyk: Slovenština
Vydáno: Bratislava : Vysoká škola ekonomická, 1988
Vydání: 1. vyd.
Edice: Vysokoškolské skriptá
Témata:
Fyzický popis: 228 s.
Knihy
Uloženo v:
LEADER 01612nam a22003852a 4500
001 000281163
003 CZ BrMZK
005 20071119130302.0
007 ta
008 980103s1988 xo f slo d
040 |a BOA001  |b cze 
080 9 |a 330.515.6 
080 9 |a 62.001.5 
080 9 |a 001.892 
080 9 |a 62.001.7 
080 9 |a 338.2 
100 1 |a Jarušek, František,  |d 1923-  |7 jx20040720177  |4 aut 
245 1 0 |a Tvorba inovácií a akosti v priemysle /  |c František Jarušek, Ján Macko, Ľubica Füzyová 
250 |a 1. vyd. 
260 |a Bratislava :  |b Vysoká škola ekonomická,  |c 1988 
300 |a 228 s. 
490 1 |a Vysokoškolské skriptá 
504 |a Obsahuje bibliografii 
550 |a Vyd.: Vysoká škola ekonomická v Bratislavě, Fakulta ekonomiky a riadenia výrobných odvetví 
700 1 |a Füzyová, Ľuba,  |d 1945-  |7 mzk2005317892  |4 aut 
700 1 |a Macko, Ján  |7 jx20050727068 
710 2 |a Vysoká škola ekonomická v Bratislave.  |b Fakulta ekonomiky a riadenia výrobných odvetví  |7 ko2002159687 
810 2 |a Vysoká škola ekonomická v Bratislave.  |b Fakulta ekonomiky a riadenia výrobných odvetví.  |t Vysokoškolské skriptá  |0 s 
910 |a BOA001  |b TK-A-0236.928  |b 4-0931.813 
964 |a Kvalita - inovace - tvorba - učebnice - školy vysoké 
964 |a Inovace - kvalita - tvorba - učebnice - školy vysoké 
990 |a BK 
991 |b 200711 
996 7 |b 2629966219  |c TK-A-0236.928  |l MZK  |r Sklad / do 24 hodin  |n 0  |w 000281163  |u 000010  |a 1  |e BOA001  |j MZK50  |s A 
996 6 |b BC-496076  |c 4-0931.813  |l MZK  |r Sklad / do 1 hodiny  |n 0  |w 000281163  |u 000020  |a 1  |e BOA001  |j MZK50  |s P